| 000 | 00830nam a2200253 a 4500 | ||
|---|---|---|---|
| 001 | 22472 | ||
| 003 | BD-RjUL | ||
| 005 | 20211209000818.0 | ||
| 008 | 140308s1952 enkbh b 001 0 eng d | ||
| 035 | _a(BD-RjUL)22537 | ||
| 040 |
_aDLC _cIAR _dIAR _dOCL _dUKM _dBD-RjUL _beng |
||
| 041 | _aeng | ||
| 082 |
_a914.25 _bDAD 1952 |
||
| 100 | 1 |
_aDarby, H. C. _q(Henry Clifford), _d1909-1992 _969398 |
|
| 245 | 1 | 4 |
_aThe Domesday geography of eastern England / _cby H.C. Darby. |
| 260 |
_aCambridge : _bUniversity press, _c1952. |
||
| 300 |
_axiv, 400 p. : _bmaps (part col.) col. facsim. ; _c24 cm. |
||
| 504 | _aIncludes bibliographical references and index. | ||
| 650 |
_aEngland Historical geography _969399 |
||
| 651 | 0 |
_aEngland _xHistorical geography. _968080 |
|
| 942 |
_2ddc _cBK |
||
| 999 |
_c22472 _d22472 |
||